| 000 | 00418nam a2200133Ia 4500 | ||
|---|---|---|---|
| 003 | GCL | ||
| 008 | 140319s9999 xx 000 0 ara d | ||
| 040 |
_aGCL / _cGCL |
||
| 082 | 0 | 4 |
_a344.01 _bرش |
| 245 | 1 | 0 | _aشرح قانون الوظائف القيادية للعاملين المدنيين بالدولة والقطاع العام |
| 260 |
_a[S.N] : _bمكتبة شادى ، _c1992 |
||
| 300 | _a111 ص | ||
| 490 | _a | ||
| 999 |
_c54916 _d54916 |
||